Ventura Publisher 4.0 pro Windows

Saved in:
Bibliographic Details
Main Author: Dráb, Antonín
Other Authors: Štefl, Jaroslav, Chalupník, Richard
Format: Book
Language:Czech
Published: Praha Grada 1992
Edition:1. vyd.
Series:Nestůjte za dveřmi
Subjects:
Tags: Add Tag
No Tags, Be the first to tag this record!

MARC

LEADER 00000nam a2200000 4500
001 c003155
005 20221206083656.0
020 |a 80-85623-59-5 
041 0 |a cze 
044 |a CZ 
245 1 0 |a Ventura Publisher 4.0 pro Windows  |c Antonín Dráb, Jaroslav Štefl, Richard Chalupník 
250 |a 1. vyd. 
264 1 |a Praha  |b Grada  |c 1992 
300 |a 270 s. 
490 1 |a Nestůjte za dveřmi 
830 0 |a Nestůjte za dveřmi 
610 2 0 |a programy počítačové 
610 2 0 |a Ventura Publisher 4.0 
610 2 0 |a Windows 
610 2 0 |a procesory textové 
100 1 |a Dráb, Antonín 
700 1 |a Štefl, Jaroslav 
700 1 |a Chalupník, Richard